| 000 | 00491nam a2200145Ia 4500 | ||
|---|---|---|---|
| 008 | 140724s9999 xx 000 0 und d | ||
| 050 |
_aBF 724.65 _b.F194 2012 |
||
| 100 | _aFaller, Charles G. | ||
| 245 |
_aCommon stressors and coping strategies of night shift call center agents / _cCharles G. Faller. |
||
| 260 |
_aLas PiƱas, Philippines : _bSouthville International School and Colleges, _cc2012. |
||
| 300 |
_a40 p. : _c28 cm. |
||
| 521 | _aPsychology | ||
| 942 | _cTH | ||
| 999 |
_c229092 _d229092 |
||